Ústavné zmeny v Ruskej federácii v roku 2020 bakalárska práca

Gespeichert in:
Bibliographische Detailangaben
1. Verfasser: Menshykov, Denys
Körperschaft: Fakulta medzinárodných vzťahov EU. Katedra medzinárodných politických vzťahov
Weitere Verfasser: Rozkošová, Zuzana, 1995-
Format: Buch
Sprache:Slowakisch
Veröffentlicht: Bratislava 2022
Tags: Tag hinzufügen
Keine Tags, Fügen Sie das erste Tag hinzu!

MARC

LEADER 00000nbm a2200000 4500
001 0285238
005 20230404091614.1
041 0 |a slo 
044 |a SK 
245 1 0 |a Ústavné zmeny v Ruskej federácii v roku 2020  |b bakalárska práca  |c Denys Menshykov ; školiteľ: Zuzana Rozkošová 
264 1 |a Bratislava  |c 2022 
300 |a 45 s. 
100 1 |a Menshykov, Denys 
700 1 |a Rozkošová, Zuzana, 1995- 
710 2 |a Fakulta medzinárodných vzťahov EU. Katedra medzinárodných politických vzťahov